Příležitosti na snížení podnikatelského rizika

Gespeichert in:
Bibliographische Detailangaben
1. Verfasser: Boorová, Brigita, 1979-
Weitere Verfasser: Škriniar, Pavel, 1979-
Format: Buchkapitel
Sprache:Slowakisch
Tags: Tag hinzufügen
Keine Tags, Fügen Sie das erste Tag hinzu!

MARC

LEADER 00000nla a2200000 4500
001 0181667
005 20240502083428.0
041 0 |a slo 
044 |a CZ 
245 1 0 |a Příležitosti na snížení podnikatelského rizika  |c Brigita Boorová, Pavel Škriniar 
100 1 |a Boorová, Brigita, 1979- 
700 1 |a Škriniar, Pavel, 1979-